000 00761nam a2200253Ia 4500
003 OSt
005 20221006153412.0
006 a|||||r|||| 00| 0
007 ta
008 221006b |||||||| |||| 00| 0 eng d
020 _a0804836523
_c
_12.95
024 _a32,230
037 _bGift, Prof. Sonoko Hijikata
_cTextual
040 _aEASL
_cEASL
_beng
041 _2eng
_aeng
082 _aV42.N60, P4
100 _aDE MENTE Boye Lafayette
_9663730
245 0 _aJapanese Samurai code
_b Classic strategies for success
260 _aTokyo
_bTuttle Publishing Japan
_c2004
300 _a206p.
_ccm.
490 _v JEL
942 _hV42.N60, P4
_cTEXL
_2CC
999 _c1100316
_d1100316